Catalog
SPO
lečný
K
atalog
Catalog Home
(current)
Union Catalog
Knihovny.cz
My Account
Basic Search
Browse the Catalog
Advanced Search
0
Records In Basket
View Basket
Place Holds
Print Title Details
Email Title Details
Add Basket to Saved List
Clear Basket
Record Details
Catalog Search
Search:
Type:
Keyword
Title
Journal Title
Author
Subject
Series
Format:
All Formats
All Books
All Music
All Videos
Audiocassette music recording
Blu-ray
Braille
Cassette audiobook
CD Audiobook
CD Music recording
DVD
E-audio
E-book
E-video
Equipment, games, toys
Kit
Large Print Book
Map
Microform
Music Score
Phonograph music recording
Phonograph spoken recording
Picture
Preloaded Audio
Serials and magazines
Software and video games
VHS
Library:
Common Catalog SPOK
Dominican sisters
KDS Library
Evangelical Teological Seminary
ETS Library
Jabok
Department of Languages
Jabok Library
BOX2
Depozitář
JABox (rezervační box)
Jachymka
Terezin Initiative Institute
The Jewish community of Prague
Montessori CR
Montessori Library
People in Need
Varianty
The mission of THREE
Hospic Dobrého Pastýře
VERITAS
VERITAS Library
Search
All Libraries
Book
Equality, diversity and enlargement : report on measures to combat discrimination in acceding and candidate countries
European Commission. Directorate General Employment and Social Affairs
(
Added Author
).
More Details
Record details
ISBN:
92-894-6104-7
Physical Description:
120 s. : obr.
Publisher:
Luxembourg :
Office for Official Publications of the European Communities,
2003
Search for related items by series
Employment and social affairs. Fundamental rights and anti-discrimination
Available copies
1 of 1 copy available at Common Catalog SPOK.
Holds
0 current holds with 1 total copy.
Place Hold
Add to basket
Remove from basket
Print
Email
Permalink
Show Only Available Copies
Location
Call Number / Copy Notes
Barcode
Shelving Location
Status
Due Date
Varianty
Cho Eq
4605401207
Šafaříkova 17 - 5. patro, chodba
Available
-
►
▼
Google Preview
► Awards, Reviews, & Suggested Reads
► Shelf Browser
▼ MARC Record
LDR
01429nam a2200457 a 4500
001
31771
003
CZ-PrJAB
005
20190511102451.0
008
090116s2003 lu f
020
.
‡a
92-894-6104-7
035
.
‡a
(CZ PrCU)001023081
040
.
‡a
ABD147
‡b
cze
‡d
ABH006
245
0
0
.
‡a
Equality, diversity and enlargement :
‡b
report on measures to combat discrimination in acceding and candidate countries
260
.
‡a
Luxembourg :
‡b
Office for Official Publications of the European Communities,
‡c
2003
300
.
‡a
120 s. :
‡b
obr.
490
0
.
‡a
Employment and social affairs. Fundamental rights and anti-discrimination
653
0
.
‡a
opatření proti diskriminaci
‡a
rasová diskriminace
‡a
sexuální diskriminace
‡a
rovné zacházení
‡a
Evropská unie
‡a
kandidátské země
710
2
.
‡a
European Commission.
‡b
Directorate General Employment and Social Affairs
910
.
‡a
ABH006
901
.
‡a
31771
‡b
‡c
31771
‡t
biblio
Login To Evergreen
Library Card Number
PIN
Request A Card
Forgot Your Password?
Additional Resources